Urban infrastructure and economic development in American cities : hearing before the Task Force on Community and Natural Resources of the Committee on the Budget, House of Representatives, Ninety-ninth Congress, second session, January 22, 1986.

Bibliographic Details
Corporate Authors: United States. Congress. House. Committee on the Budget. Task Force on Community and Natural Resources, ProQuest (Firm)
Format: Government Document eBook
Language:English
Published: Washington : U.S. G.P.O., 1986.
Series:U.S. Congressional Hearings.
Subjects:
Online Access:Connect to the full text of this electronic book

MARC

Tag First Indicator Second Indicator Subfields
LEADER 00000cam a22000001a 4500
001 in00003216632
006 m d f
007 cr bn mmmapmmp
008 091020s1986 dcua ob f000 0 eng d
005 20260504195429.8
035 |a cis2007450245 
040 |a UMI  |c UMI  |d UtOrBLW 
043 |a n-us--- 
074 |a 1035-B-1, 1035-B-2 (microfiche) 
086 0 |a Y 4.B 85/3:Ur 1 
088 |a Serial no. 6-2 (United States. Congress. House. Committee on the Budget) 
099 |a HRG-1986-BGH-0001 
110 1 |a United States.  |b Congress.  |b House.  |b Committee on the Budget.  |b Task Force on Community and Natural Resources. 
245 1 0 |a Urban infrastructure and economic development in American cities :  |b hearing before the Task Force on Community and Natural Resources of the Committee on the Budget, House of Representatives, Ninety-ninth Congress, second session, January 22, 1986. 
264 1 |a Washington :  |b U.S. G.P.O.,  |c 1986. 
300 |a 1 online resource. 
336 |a text  |b txt  |2 rdacontent 
337 |a computer  |b c  |2 rdamedia 
338 |a online resource  |b cr  |2 rdacarrier 
500 |a Record is based on bibliographic data in ProQuest Congressional Hearings Digital Collection. Reuse except for individual research requires license from ProQuest, LLC. 
504 |a Includes bibliographical references. 
538 |a System requirements: PDF reader software. 
500 |a Electronic resource. 
650 0 |a Infrastructure (Economics)  |z United States. 
650 0 |a Municipal services  |z United States  |x Finance. 
650 0 |a County services  |z United States  |x Finance. 
655 7 |a Electronic books.  |2 local 
710 2 |a ProQuest (Firm) 
776 0 8 |i Print version:  |a United States. Congress. House. Committee on the Budget. Task Force on Community and Natural Resources.  |t Urban infrastructure and economic development in American cities  |w (OCoLC)13432725  |w gp 86013566 
776 0 8 |i Microfiche version:  |a United States. Congress. House. Committee on the Budget. Task Force on Community and Natural Resources.  |t Urban infrastructure and economic development in American cities.  |d [Bethesda, Md.] : ProQuest,[2004]  |o CIS 86 H261-6  |w (ProQuest)cis08600406 
830 0 |a U.S. Congressional Hearings. 
856 4 0 |u http://proxy.library.tamu.edu/login?url=https://congressional.proquest.com/congcomp/getdoc?HEARING-ID=HRG-1986-BGH-0001  |z Connect to the full text of this electronic book  |t 0 
998 |a cis08600406 
999 |a MARS 
999 f f |s 33d5dfe4-54d3-377b-a6aa-4c9df61152e2  |i 3ac71969-76b0-33e8-944d-5305dc03f86c  |t 0 
952 f f |a Texas A&M University  |b College Station  |c Electronic Resources  |s www_evans  |d Available Online  |t 0  |e HRG-1986-BGH-0001  |h Other scheme 
998 f f |a HRG-1986-BGH-0001  |t 0  |l Available Online